Text book of english phonetics : (Record no. 7678)

MARC details
000 -LEADER
fixed length control field 00538cam a2200205ua 4500
008 - FIXED-LENGTH DATA ELEMENTS--GENERAL INFORMATION
fixed length control field 150206n ii |||gr||||Z||||||eng
020 ## - INTERNATIONAL STANDARD BOOK NUMBER
International Standard Book Number 0333910168
040 ## - CATALOGING SOURCE
Transcribing agency MAIN
041 ## - LANGUAGE CODE
-- eng
082 ## - DEWEY DECIMAL CLASSIFICATION NUMBER
Classification number 414.8
100 ## - MAIN ENTRY--PERSONAL NAME
Personal name Balasubramanian, T.,
Relator term
245 1# - TITLE STATEMENT
Title Text book of english phonetics :
Remainder of title Indian students /
Statement of responsibility, etc. By T. Balassubramanian .
250 ## - EDITION STATEMENT
Edition statement 2nd.
260 ## - PUBLICATION, DISTRIBUTION, ETC.
Place of publication, distribution, etc. New Delhi:
Name of publisher, distributor, etc. Macmillan,
Date of publication, distribution, etc. 1999.
300 ## - PHYSICAL DESCRIPTION
Extent vii,207p.
942 ## - ADDED ENTRY ELEMENTS (KOHA)
Koha item type Books
653 ## - INDEX TERM--UNCONTROLLED
Uncontrolled term Phonology & phonetics
653 ## - INDEX TERM--UNCONTROLLED
Uncontrolled term English phonetics
Holdings
Withdrawn status Lost status Damaged status Not for loan Home library Current library Shelving location Date acquired Total Checkouts Full call number Barcode Date last seen Copy number Price effective from Koha item type
        Central Library, Naharkatiya College Central Library, Naharkatiya College General Stacks 19/09/2020   414.8 | BAL 4643 19/09/2020 2 19/09/2020 Books
        Central Library, Naharkatiya College Central Library, Naharkatiya College General Stacks 19/09/2020   414.8 | BAL 5348 19/09/2020 1 19/09/2020 Books

Naharkatiya College © 2020. All rights reserved.

Powered By